<?xml version="1.0" encoding="UTF-8"?>
<record
    xmlns:xsi="http://www.w3.org/2001/XMLSchema-instance"
    xsi:schemaLocation="http://www.loc.gov/MARC21/slim http://www.loc.gov/standards/marcxml/schema/MARC21slim.xsd"
    xmlns="http://www.loc.gov/MARC21/slim">

  <leader>01089nam a22002297a 4500</leader>
  <controlfield tag="005">20220202101931.0</controlfield>
  <controlfield tag="008">220202b           ||||| |||| 00| 0 eng d</controlfield>
  <datafield tag="020" ind1=" " ind2=" ">
    <subfield code="a">9788175994072</subfield>
  </datafield>
  <datafield tag="040" ind1=" " ind2=" ">
    <subfield code="c">AL</subfield>
  </datafield>
  <datafield tag="041" ind1=" " ind2=" ">
    <subfield code="a">English</subfield>
  </datafield>
  <datafield tag="082" ind1=" " ind2=" ">
    <subfield code="2">23</subfield>
    <subfield code="a">599.5</subfield>
    <subfield code="b">GREN</subfield>
  </datafield>
  <datafield tag="100" ind1=" " ind2=" ">
    <subfield code="a">Bikram Grewal and others</subfield>
    <subfield code="9">15719</subfield>
  </datafield>
  <datafield tag="245" ind1=" " ind2=" ">
    <subfield code="a">Naturalists Guide to the Mammals of India:Pakistan Nepal Bhutan Bangladesh and Sri Lanka</subfield>
  </datafield>
  <datafield tag="260" ind1=" " ind2=" ">
    <subfield code="a">New Delhi</subfield>
    <subfield code="b">Prakash books India Pvt.Ltd</subfield>
    <subfield code="c">2018</subfield>
  </datafield>
  <datafield tag="300" ind1=" " ind2=" ">
    <subfield code="a">176 p.</subfield>
    <subfield code="b">PB</subfield>
    <subfield code="c">18x13 cm.</subfield>
  </datafield>
  <datafield tag="365" ind1=" " ind2=" ">
    <subfield code="a">5517</subfield>
    <subfield code="b">&#x20B9;399.20</subfield>
    <subfield code="c">20%</subfield>
    <subfield code="d">&#x20B9;499.00</subfield>
    <subfield code="e">29-01-2022</subfield>
  </datafield>
  <datafield tag="520" ind1=" " ind2=" ">
    <subfield code="a">A Naturalist s Guide to the Mammals of India Book Information:
This easy-to-use identification guide to the 280 mammal species most commonly seen in India is perfect for resident and visitor alike. High quality photographs from India s top nature photographers are accompanied by detailed species descriptions, which include nomenclature, size, distribution, habits and habitat.</subfield>
  </datafield>
  <datafield tag="650" ind1=" " ind2=" ">
    <subfield code="a">Zoology</subfield>
    <subfield code="9">15720</subfield>
  </datafield>
  <datafield tag="700" ind1=" " ind2=" ">
    <subfield code="a">GREWAL (Bikram)</subfield>
    <subfield code="9">15721</subfield>
  </datafield>
  <datafield tag="700" ind1=" " ind2=" ">
    <subfield code="a">CHAKRAVARTY (Rohit)</subfield>
    <subfield code="9">15722</subfield>
  </datafield>
  <datafield tag="942" ind1=" " ind2=" ">
    <subfield code="2">ddc</subfield>
    <subfield code="c">BK</subfield>
  </datafield>
  <datafield tag="999" ind1=" " ind2=" ">
    <subfield code="c">221405</subfield>
    <subfield code="d">221405</subfield>
  </datafield>
  <datafield tag="952" ind1=" " ind2=" ">
    <subfield code="0">0</subfield>
    <subfield code="1">0</subfield>
    <subfield code="2">ddc</subfield>
    <subfield code="4">0</subfield>
    <subfield code="7">0</subfield>
    <subfield code="8">ZOO</subfield>
    <subfield code="a">AL</subfield>
    <subfield code="b">AL</subfield>
    <subfield code="d">2022-02-02</subfield>
    <subfield code="e">Biblios Book Point</subfield>
    <subfield code="g">399.50</subfield>
    <subfield code="l">1</subfield>
    <subfield code="o">599.5 GREN</subfield>
    <subfield code="p">075386</subfield>
    <subfield code="r">2023-09-25 00:00:00</subfield>
    <subfield code="s">2023-09-16</subfield>
    <subfield code="v">499.00</subfield>
    <subfield code="w">2022-02-02</subfield>
    <subfield code="y">BK</subfield>
  </datafield>
</record>
